000
00288nam a2200133Ia 4500
100
_a
Swarup kanti & Gupta
942
_c
BK
366
_f
20
654
_a
Operation
245
_a
Operation Research
260
_b
Sultan Chand & Sons
_a
NewDelhi
_c
1983
300
_a
827
546
_a
ENGLISH
999
_c
35508
_d
35508